01307nam a2200157 a 4500008004100000020001500041041000800056100001800064245003900082250001100121260003400132300001100166500007600177505088500253655001101138161215t1991 ag |||g |||| 00| 1 spa d a9500357046 aspa1 aNeruda, Pablo aDefectos escogidos /cPablo Neruda a2a ed. aBuenos Aires:bLosada;c1991. a105 p. aNeruda, P. (1991). Defectos escogidos. (2a ed.). Buenos Aires : Losada. aPablo Neruda (1904-1973), tal vez el primer poeta de la lengua de este siglo, gloria de Chile y honor del continente con 20 poemas de amor, Canto general, Odas elementales, y toda su obra, varia, espléndida, sin igual, dejó al morir ocho poemarios inéditos: La rosa separada, Jardín de invierno, 2000, El corazón amarillo, Libro de las preguntas, Elegía, El mar y las campanas y Defectos escogidos. Losada se enorgulleció de darlos a conocer en ese momento y se complace en reeditarlos. La Editorial Losada, puede decirse que la casa editorial de Pablo Neruda desde hace casi cincuenta años, se enorgullece ahora de concluir, con este libro donde figuran algunas de las más bella composiciones nerudianas -"Orégano", "Otro castillo", "Paseando con Laforgue"-, a la vez la serie de sus composiciones póstumas y la publicación de toda las obras de el autor.  aPoesia